|
|
|
|
| LEADER |
00000ny a22000003n 4500 |
| 005 |
20110620102119.0 |
| 008 |
100805s2010 sp r 000 0 spa d |
| 017 |
|
|
|a D.L.B-10350-2010
|
| 020 |
|
|
|a 9788476988992
|
| 035 |
|
|
|a 4954
|
| 040 |
|
|
|a BUS
|d vLex
|
| 080 |
|
|
|a 316.323.65(460)
|
| 080 |
|
|
|a 342.72/.73(460)
|
| 080 |
|
|
|a 342.72/.73:364(460)
|
| 080 |
|
|
|a 351.84(460)
|
| 090 |
|
|
|c 858
|d 858
|
| 100 |
1 |
|
|a Gavara de Cara, Juan Carlos
|
| 245 |
1 |
3 |
|a La dimensin̤ objetiva de los derechos sociales
|h [Recurso electrn̤ico]
|c Juan Carlos Gavara de Cara
|
| 256 |
|
|
|a Servicio en ln̕ea
|
| 260 |
|
|
|a Barcelona :
|b Bosch,
|c 2010
|
| 500 |
|
|
|a Trabajo realizado dentro del Proyecto de Investigacin̤ financiado por el Plan Nacional de I+D+I: "Los derechos fundamentales como principios objetivos"(SEJ2006-15131)
|
| 506 |
1 |
|
|a Contenido solo disponible en los productos indicados
|d vLex Global
|d vLex Global (Academic Edition, excluding Law Schools)
|d vLex Global (U.S. Academic Edition, Law Schools)
|d vLex Global (U.S. Academic Edition, excluding Law Schools)
|d vLex Global (Academic Edition, Law Schools)
|
| 650 |
0 |
4 |
|a Derechos humanos
|z Espaą
|
| 650 |
0 |
4 |
|a Estado del bienestar
|z Espaą
|
| 740 |
0 |
|
|a vLex Libros (Servicios en ln̕ea)
|
| 856 |
4 |
0 |
|u http://vlex.com/source/4954
|z Acceso restringido
|
| 942 |
|
|
|c BOOK
|
| 999 |
0 |
|
|a Humans rights
|z Espaą
|